Statystyki dla 3-literowa geografia

Kliknij tutaj aby rozwiązać quiz!

Ogólne statystyki

  • Ten quiz został rozwiązany 568 razy
  • Średni wynik to 4 z 10

Statystyki odpowiedzi

WskazówkaOdpowiedź% Poprawnych
Najdłuższa rzeka na świecie.Nil
97%
Największe i najbardziej zaludnione miasto na Mazurach.Ełk
75%
Dopływ Narwi, przepływający przez Ukrainę,
Polskę i Białoruś.
Bug
71%
Rzeka biegnąca przez Strasburg, Bonn, Kolonię,
Düsseldorf, Utrecht, Rotterdam itp.
Ren
59%
Rzeka biegnąca przez Jarosław, Radymno,
Przeworsk, Krzeszów
San
45%
Rzeka przepływająca przez Rostów.Don
35%
Duże miasto w Rosji, stolica Baszkortostanu.Ufa
24%
Drugie co do wielkości miasto w Maroku.Fez
19%
Rzeka przepływająca przez Innsbruck i Sankt Moritz.Inn
14%
Miasto w środkowym Iranie, święte miasto
szyitów i miejsce ich pielgrzymek.
Kom
6%

Rozkład punktacji

Percentyl według liczby udzielonych odpowiedzi

Procent ludzi z każdym wynikiem

Twoja historia wyników

Nie rozwiązałeś tego quizu